00436 a2200121 4500100002500000245006200025300004100087650001900128773005500147942000700202952008800209999001700297 aSIKA, Delali 925097 aScale up interest in financial literacy . Students urged  aTuesday, September 19, 2023 Pages 26 aFinance 978340 x0855-1529tDaily GraphicdAccra Daily Graphic 2023 cPR 001040718PRaPLbPLcTFWWd2023-10-25l0r2023-10-25 00:00:00t1w2023-10-25yPR c46689d46689